000 00453nam a2200181Ia 4500
001 14243
005 20260306164900.0
008 260306t2012||||xx |||||||||||||| ||spa||
041 _aESP
082 _a510.076
_bE88 2012
100 _aEspinoza Ramos, Eduardo
_eAUT
245 0 _aMatemática básica:
_bpara estudiantes de ciencias e ingenierías
260 _c2012
300 _a
_c
650 _aGEN
654 _aCMA
942 _cLIB
_dJUS
_fJUS
_2ddc
_n
999 _c14243
_d14243